000 00588nam a2200157 a 4500
001 000034002
005 20200930070707.0
008 110920s1938 ck 000 0 spa d
040 _aDO-SdBNP
_bspa
_cBNPHU
082 _axxx
_bA282l
100 1 _aAguiar, Enrique
_937977
245 1 3 _aLa ciudad intelectual /
_cEnrique Aguiar.
260 _aBogotá, Colombia :
_bSelecta,
_c1938.
300 _a32 p. ;
_c24 cm.
500 _aConferencia dictada en los salones de la biblioteca Nacional de Colombia por el delegado de la República Dominicana en la exposición del libro, señor Enrique Aguiar
999 _c33493
_d33493